[Event "Brasilia Brasiliense-ch"]
[Site "Brasilia"]
[Date "2019.10.26"]
[Round "9"]
[White "Guimaraes, Diogo Duarte"]
[Black "Barbosa, Edinardo Meireles"]
[Result "1-0"]
[WhiteElo "2273"]
[BlackElo "1851"]
[PlyCount "41"]
[EventDate "2019.10.17"]
[EventType "tourn"]
[EventRounds "11"]
[EventCountry "BRA"]
[SourceTitle "CBM 192 Extra"]
[Source "Chessbase"]
[SourceDate "2019.11.06"]
[SourceVersion "1"]
[SourceVersionDate "2019.11.06"]
[SourceQuality "1"]

1. e4 c5 2. Nf3 Nc6 3. Bb5 e6 4. 0-0 Nge7 5. Re1 a6 6. Bf1 d5 7. exd5 Nxd5 8. d4 Qb6 9. c4 Nde7 10. d5 Nd8 11. Nc3 Nf5 12. dxe6 Nxe6 13. Nd5 Qd8 14. Bd3 Nd6 15. Bg5 f6 16. Ne5 Be7 17. Qh5+ Kf8 18. Bxh7 Rxh7 19. Qxh7 Nf7 20. Ng6+ Ke8 21. Qg8+ 1-0

[Event "Brasilia Brasiliense-ch"]
[Site "Brasilia"]
[Date "2019.10.18"]
[Round "2"]
[White "Felix, Raimundo Nascimento"]
[Black "Barbosa, Edinardo Meireles"]
[Result "1-0"]
[WhiteElo "1975"]
[BlackElo "1851"]
[PlyCount "109"]
[EventDate "2019.10.17"]
[EventType "tourn"]
[EventRounds "11"]
[EventCountry "BRA"]
[SourceTitle "CBM 192 Extra"]
[Source "Chessbase"]
[SourceDate "2019.11.06"]
[SourceVersion "1"]
[SourceVersionDate "2019.11.06"]
[SourceQuality "1"]

1. e4 c5 2. Nc3 Nc6 3. Nf3 e6 4. Bb5 Nge7 5. a4 a6 6. Be2 d5 7. d3 d4 8. Nb1 e5 9. 0-0 Ng6 10. Nbd2 Be6 11. Nc4 Be7 12. Bd2 0-0 13. a5 Bxc4 14. dxc4 Qd7 15. Ne1 f5 16. exf5 Qxf5 17. Bg4 Qf7 18. b3 e4 19. Qe2 e3 20. fxe3 Qxf1+ 21. Qxf1 Rxf1+ 22. Kxf1 dxe3 23. Bxe3 Rf8+ 24. Kg1 Bf6 25. Rd1 Nd4 26. Nd3 Re8 27. Kf2 Be7 28. g3 Nxc2 29. Bxc5 Bxc5+ 30. Nxc5 Ne3 31. Be6+ Rxe6 32. Rd8+ Kf7 33. Nxe6 Ng4+ 34. Kg1 Kxe6 35. Rb8 N4e5 36. Rxb7 Nd7 37. b4 Ne7 38. b5 axb5 39. cxb5 Nc8 40. Rc7 Nd6 41. b6 Nb5 42. Rc8 Kd6 43. b7 Na7 44. b8Q+ Nxb8 45. Rxb8 Nc6 46. Rb5 g6 47. a6 Kc7 48. Rb7+ Kc8 49. Rxh7 Kb8 50. Kf2 Ne5 51. Rg7 Ng4+ 52. Kg2 Ne3+ 53. Kf3 Nd5 54. Kg4 Nb6 55. Rb7+ 1-0

[Event "BRA-ch sf1"]
[Site "Brasilia"]
[Date "2019.06.09"]
[Round "4"]
[White "Barbosa, Edinardo Meireles"]
[Black "Soares, Renan Barbosa Monte"]
[Result "1/2-1/2"]
[WhiteElo "1800"]
[BlackElo "2049"]
[PlyCount "52"]
[EventDate "2019.06.07"]
[EventType "swiss"]
[EventRounds "5"]
[EventCountry "BRA"]
[SourceTitle "CBM 190 Extra"]
[Source "ChessBase"]
[SourceDate "2019.07.15"]
[SourceVersion "1"]
[SourceVersionDate "2019.07.15"]
[SourceQuality "1"]

1. e4 c5 2. Nf3 d6 3. d4 cxd4 4. Nxd4 Nf6 5. Nc3 Nc6 6. Bc4 e6 7. Bb3 Be7 8. 0-0 0-0 9. Bg5 a6 10. a3 Qc7 11. Kh1 Bd7 12. f4 Rac8 13. Rb1 Qb6 14. Nxc6 Bxc6 15. f5 exf5 16. Bxf6 Bxf6 17. Nd5 Bxd5 18. Bxd5 fxe4 19. Rxf6 gxf6 20. Qg4+ Kh8 21. Qf5 Kg7 22. Bxe4 Rh8 23. Qg4+ Kh6 24. Rg1 Qxb2 25. Qh4+ Kg7 26. Qg4+ Kh6 1/2-1/2

[Event "BRA-ch sf1"]
[Site "Brasilia"]
[Date "2018.06.17"]
[Round "4.5"]
[White "Barbosa, Edinardo Meireles"]
[Black "Terra, Arthur Schneider"]
[Result "1/2-1/2"]
[WhiteElo "1677"]
[BlackElo "1628"]
[PlyCount "104"]
[EventDate "2018.06.15"]
[EventType "swiss"]
[EventRounds "5"]
[EventCountry "BRA"]
[SourceTitle "EXT 2022"]
[Source "ChessBase"]
[SourceDate "2021.10.06"]
[SourceVersion "1"]
[SourceVersionDate "2021.10.06"]
[SourceQuality "1"]

1. d4 Nf6 2. c4 e5 3. e3 exd4 4. exd4 Be7 5. Be2 0-0 6. Nf3 d5 7. Nc3 dxc4 8. Bxc4 Bg4 9. Be3 Nc6 10. Be2 Nd5 11. 0-0 Nxe3 12. fxe3 Re8 13. Qb3 Na5 14. Qa4 b6 15. Ne5 Be6 16. Bb5 Rf8 17. b4 a6 18. Bd3 Nb7 19. Nc6 Qd7 20. Nxe7+ Qxe7 21. Rae1 b5 22. Qc2 h6 23. a3 Rad8 24. Rf4 Nd6 25. Nb1 Bc4 26. Nd2 Bxd3 27. Qxd3 Rfe8 28. e4 c6 29. e5 Nb7 30. Qe3 Qd7 31. Nb3 Re6 32. Qf3 Re7 33. Rd1 Qd5 34. Qxd5 Rxd5 35. Re1 Re6 36. Ref1 Rd7 37. h4 Ree7 38. g4 Re6 39. Kg2 Rg6 40. Kh3 Re6 41. h5 Ree7 42. Kh4 Re8 43. Kg3 Ree7 44. Kf3 Re8 45. Kg3 Ree7 46. Kh4 Re6 47. g5 hxg5+ 48. Kxg5 Rh6 49. Rh4 Rd5 50. Rhf4 Rd7 51. R1f3 Re6 52. Rh3 Rh6 1/2-1/2

[Event "BRA-ch Amateur U1800"]
[Site "Sao Paulo"]
[Date "2017.10.13"]
[Round "4"]
[White "Barbosa, Edinardo Meireles"]
[Black "De Souza, Leonardo F Pereira"]
[Result "0-1"]
[WhiteElo "1668"]
[BlackElo "1731"]
[PlyCount "104"]
[EventDate "2017.10.12"]
[EventType "swiss"]
[EventRounds "7"]
[EventCountry "BRA"]
[SourceTitle "EXT 2019"]
[Source "ChessBase"]
[SourceDate "2018.10.10"]
[SourceVersion "1"]
[SourceVersionDate "2018.10.10"]
[SourceQuality "1"]

1. d4 Nf6 2. c4 e6 3. Nc3 Bb4 4. a3 Bxc3+ 5. bxc3 0-0 6. Bg5 d5 7. e3 b6 8. cxd5 exd5 9. Bd3 Nbd7 10. Ne2 Bb7 11. Qc2 h6 12. Bf4 c5 13. Qb2 Re8 14. 0-0 Nh5 15. Bg3 Nxg3 16. Nxg3 g6 17. Rae1 a5 18. f3 cxd4 19. cxd4 Nf8 20. e4 dxe4 21. fxe4 Ne6 22. d5 Nc5 23. Bb1 Nd7 24. Qd4 Ne5 25. Bc2 b5 26. Rf4 Qd6 27. a4 Rac8 28. Rf2 b4 29. Qd2 Kh7 30. Kh1 Ba6 31. Qf4 Rc7 32. Bb1 Rec8 33. h3 b3 34. Kh2 Rb8 35. Qf6 Qxf6 36. Rxf6 Bd3 37. Rf2 Rb4 38. Nf1 Bxf1 39. Rexf1 Rxa4 40. Rd1 Rb4 41. d6 Rd7 42. Rd5 Nc4 43. e5 Kg7 44. Rc5 Na3 45. Bd3 a4 46. Rc7 Rb7 47. Rc3 Nb5 48. Bxb5 Rxb5 49. Re2 b2 50. Rxb2 Rxb2 51. Rc7 Rxc7 52. dxc7 Rc2 0-1

[Event "BRA-ch Amateur U1800"]
[Site "Sao Paulo"]
[Date "2017.10.12"]
[Round "1"]
[White "Cordeiro da Silva, Felipe"]
[Black "Barbosa, Edinardo Meireles"]
[Result "0-1"]
[WhiteElo "1783"]
[BlackElo "1668"]
[PlyCount "72"]
[EventDate "2017.10.12"]
[EventType "swiss"]
[EventRounds "7"]
[EventCountry "BRA"]
[SourceTitle "EXT 2019"]
[Source "ChessBase"]
[SourceDate "2018.10.10"]
[SourceVersion "1"]
[SourceVersionDate "2018.10.10"]
[SourceQuality "1"]

1. d4 Nf6 2. Nf3 e6 3. c4 d5 4. g3 c6 5. Bg2 Nbd7 6. Nbd2 Be7 7. 0-0 0-0 8. Qc2 Re8 9. b3 c5 10. e3 b6 11. Bb2 Bb7 12. Ne5 Nxe5 13. dxe5 Nd7 14. Rfd1 Qc7 15. Nf3 Rad8 16. cxd5 Bxd5 17. Qc3 Qb7 18. Ne1 Bxg2 19. Nxg2 Nxe5 20. f4 Nf3+ 21. Kf2 Bf6 22. Qc2 Bxb2 23. Qxb2 Nxh2 24. Qe2 f5 25. Qh5 Ng4+ 26. Kg1 Qf7 27. Qxf7+ Kxf7 28. Kf1 Ke7 29. Ke2 Rd5 30. Rdc1 Nf6 31. Rc2 Red8 32. Ne1 Ne4 33. Nf3 Nxg3+ 34. Kf2 Ne4+ 35. Ke2 h5 36. Rh1 Ng3+ 0-1

[Event "BRA-ch Regional Centro Oeste"]
[Site "Brasilia"]
[Date "2016.08.13"]
[Round "4.14"]
[White "Barbosa, Edinardo Meireles"]
[Black "Hoshino, Meilin"]
[Result "1-0"]
[WhiteElo "1672"]
[BlackElo "1327"]
[PlyCount "117"]
[EventDate "2016.08.12"]
[EventType "swiss"]
[EventRounds "6"]
[EventCountry "BRA"]
[SourceTitle "EXT 2022"]
[Source "ChessBase"]
[SourceDate "2021.10.06"]
[SourceVersion "1"]
[SourceVersionDate "2021.10.06"]
[SourceQuality "1"]

1. d4 d5 2. c4 c6 3. Nf3 Nf6 4. Nc3 Bf5 5. e3 e6 6. cxd5 cxd5 7. Bd3 Bxd3 8. Qxd3 Nc6 9. a3 Bd6 10. 0-0 0-0 11. Rd1 Qc7 12. Nb5 Qd7 13. Nxd6 Qxd6 14. Bd2 Rfd8 15. Rac1 Rac8 16. Rc2 Rc7 17. Be1 Rdc8 18. Rdc1 Qe7 19. Nd2 Na5 20. Rxc7 Rxc7 21. Rxc7 Qxc7 22. Qc3 Qxc3 23. bxc3 Kf8 24. f3 Nc4 25. Nxc4 dxc4 26. e4 Ke7 27. Bh4 b5 28. e5 a5 29. exf6+ gxf6 30. Kf1 Kd6 31. Bxf6 Kd7 32. Ke2 Kc6 33. Bd8 a4 34. Be7 Kd5 35. Bf6 Kc6 36. Ke3 Kd6 37. Ke4 Kd7 38. d5 Kd6 39. dxe6 Kxe6 40. Bd4 f5+ 41. Kf4 Kd5 42. Bh8 Ke6 43. h4 h6 44. h5 Kf7 45. Kxf5 Kg8 46. Bd4 Kh7 47. Ke5 Kg7 48. Kd5+ Kf7 49. f4 Ke7 50. f5 Kf7 51. Kc5 Ke7 52. Kxb5 Kf7 53. Kxa4 Ke7 54. Kb4 Kd6 55. Kb5 Kd5 56. a4 Ke4 57. f6 Kf5 58. f7 Ke6 59. f8Q 1-0

[Event "Brasilia-ch op"]
[Site "Brasilia"]
[Date "2015.11.01"]
[Round "4"]
[White "Sampaio, Ana Beatriz da Silv"]
[Black "Barbosa, Edinardo Meireles"]
[Result "1/2-1/2"]
[WhiteElo "1800"]
[BlackElo "1710"]
[PlyCount "49"]
[EventDate "2015.10.30"]
[EventType "swiss"]
[EventRounds "7"]
[EventCountry "BRA"]
[SourceTitle "CBM 169 Extra"]
[Source "ChessBase"]
[SourceDate "2015.12.18"]
[SourceVersion "1"]
[SourceVersionDate "2015.12.18"]
[SourceQuality "1"]

1. d4 Nf6 2. c4 e6 3. Nc3 d5 4. Bg5 Nbd7 5. e3 c6 6. Nf3 Be7 7. Bd3 0-0 8. Qc2 Re8 9. 0-0 a6 10. Bxf6 Nxf6 11. c5 g6 12. Ne5 Bf8 13. f4 Nd7 14. Nf3 Bg7 15. Rae1 f6 16. Qf2 e5 17. Bc2 e4 18. Nd2 b6 19. b4 a5 20. a3 bxc5 21. bxc5 Ba6 22. Ne2 f5 23. Rb1 Qc7 24. Rb3 Reb8 25. Rfb1 1/2-1/2

[Event "Brasilia Centro Oeste-ch"]
[Site "Brasilia"]
[Date "2015.05.15"]
[Round "6"]
[White "Barbosa, Edinardo Meireles"]
[Black "De Melo, Raissa Vieira"]
[Result "1-0"]
[WhiteElo "1720"]
[BlackElo "1484"]
[PlyCount "99"]
[EventDate "2015.05.15"]
[EventType "swiss"]
[EventRounds "6"]
[EventCountry "BRA"]
[SourceTitle "CBM 166 Extra"]
[Source "ChessBase"]
[SourceDate "2015.06.18"]
[SourceVersion "1"]
[SourceVersionDate "2015.06.18"]
[SourceQuality "1"]

1. d4 d5 2. c4 dxc4 3. Nf3 Nf6 4. e3 e6 5. Bxc4 c5 6. 0-0 Nc6 7. Nc3 Be7 8. dxc5 Bxc5 9. a3 Qxd1 10. Rxd1 0-0 11. b4 Be7 12. Bb2 b6 13. Rac1 Bb7 14. Be2 Rfd8 15. h3 Rxd1+ 16. Rxd1 Rd8 17. Rxd8+ Bxd8 18. Bd3 a6 19. Ne4 Nd5 20. Nd6 Ba8 21. Bxa6 Kf8 22. Bd3 h6 23. Nc4 Bc7 24. Nce5 Bb7 25. Nxc6 Bxc6 26. b5 Be8 27. Ne5 f6 28. Nc6 Kf7 29. g3 Bd7 30. e4 Ne7 31. Nxe7 Kxe7 32. Bc3 Bd6 33. a4 Bc5 34. Kg2 Kd6 35. a5 Kc7 36. a6 Be8 37. f4 Bd7 38. Kf3 Bc8 39. g4 Bd7 40. Bc4 Bc8 41. e5 Be7 42. Bd3 f5 43. gxf5 exf5 44. Bc4 g5 45. Bd5 gxf4 46. a7 Bb7 47. a8Q Bxa8 48. Bxa8 Bg5 49. Be1 Kd7 50. Bd5 1-0

[Event "Brasilia FBX op"]
[Site "Brasilia"]
[Date "2015.02.28"]
[Round "2"]
[White "Coutinho, Sidnei Bissacot"]
[Black "Barbosa, Edinardo Meireles"]
[Result "1/2-1/2"]
[WhiteElo "2083"]
[BlackElo "1716"]
[PlyCount "96"]
[EventDate "2015.02.27"]
[EventType "swiss"]
[EventRounds "5"]
[EventCountry "BRA"]
[SourceTitle "CBM 165 Extra"]
[Source "ChessBase"]
[SourceDate "2015.04.21"]
[SourceVersion "1"]
[SourceVersionDate "2015.04.21"]
[SourceQuality "1"]

1. d4 d5 2. c4 e6 3. Nc3 Nf6 4. Bg5 Nbd7 5. e3 Be7 6. Nf3 c6 7. Rc1 a6 8. Bd3 dxc4 9. Bxc4 b5 10. Bd3 Bb7 11. 0-0 c5 12. Bxf6 Nxf6 13. dxc5 0-0 14. Ng5 b4 15. Nce4 h6 16. c6 Bc8 17. Nf3 Qc7 18. Bb1 Nxe4 19. Bxe4 a5 20. Bd3 e5 21. Qa4 f5 22. Qb5 Bf6 23. Rfd1 Kh8 24. Bb1 g6 25. Qc5 Be6 26. Rd6 Rfe8 27. Nxe5 Kg7 28. Nc4 Rad8 29. Rxd8 Rxd8 30. b3 Rd5 31. Qb6 Qxb6 32. Nxb6 Rd6 33. e4 Bc3 34. exf5 gxf5 35. Na4 Rxc6 36. g3 Kf6 37. Kf1 Bd5 38. Ke2 Re6+ 39. Kd3 Be4+ 40. Kc4 Be5 41. Bxe4 fxe4 42. Kb5 Bd4 43. Rc2 Re5+ 44. Ka6 Kf5 45. h3 h5 46. Rc8 Kg6 47. Rc2 Rf5 48. Re2 Bf6 1/2-1/2

[Event "Brasilia Terra Viva op"]
[Site "Brasilia"]
[Date "2014.09.21"]
[Round "6"]
[White "Sa, Antonio Villar Marq"]
[Black "Barbosa, Edinardo Meireles"]
[Result "1-0"]
[WhiteElo "1929"]
[BlackElo "1705"]
[PlyCount "67"]
[EventDate "2014.09.19"]
[EventType "swiss"]
[EventRounds "6"]
[EventCountry "BRA"]
[SourceTitle "CBM 162 Extra"]
[Source "ChessBase"]
[SourceDate "2014.10.17"]
[SourceVersion "1"]
[SourceVersionDate "2014.10.17"]
[SourceQuality "1"]

1. e4 c5 2. Nf3 e6 3. d3 d5 4. Nbd2 Nc6 5. g3 Nf6 6. Bg2 dxe4 7. dxe4 e5 8. 0-0 Be7 9. Re1 0-0 10. c3 Qc7 11. Qc2 h6 12. Nc4 Be6 13. Ne3 Rfd8 14. Nf5 Bf8 15. h3 Kh7 16. g4 g6 17. g5 Nh5 18. Nxh6 Nf4 19. Ng4 Bxg4 20. hxg4 Qd7 21. Nxe5 Nxe5 22. Bxf4 Nxg4 23. Bh3 f5 24. gxf6 g5 25. e5+ Kh8 26. Bxg5 Bh6 27. e6 Qd5 28. Bxh6 Nxh6 29. Qe4 Qh5 30. Re3 Rd1+ 31. Rxd1 Qxd1+ 32. Kh2 Qd2 33. Qh4 Kh7 34. Bf5+ 1-0

[Event "Brasilia Terra Viva op"]
[Site "Brasilia"]
[Date "2014.09.20"]
[Round "3"]
[White "Barbosa, Edinardo Meireles"]
[Black "Rabelo, Jose Carlos Vargas"]
[Result "1/2-1/2"]
[WhiteElo "1705"]
[BlackElo "1740"]
[PlyCount "86"]
[EventDate "2014.09.19"]
[EventType "swiss"]
[EventRounds "6"]
[EventCountry "BRA"]
[SourceTitle "CBM 162 Extra"]
[Source "ChessBase"]
[SourceDate "2014.10.17"]
[SourceVersion "1"]
[SourceVersionDate "2014.10.17"]
[SourceQuality "1"]

1. d4 d5 2. c4 c6 3. Nf3 Nf6 4. Nc3 Bf5 5. Qb3 Qb6 6. e3 Nbd7 7. Be2 e6 8. 0-0 Be7 9. Bd2 0-0 10. Rfc1 Bg4 11. Qc2 Rac8 12. Na4 Qd8 13. Nc3 Qb6 14. Na4 Qd8 15. Nc3 Bf5 16. Qd1 Ne4 17. Be1 Nd6 18. b3 Ne4 19. cxd5 cxd5 20. Nb5 a6 21. Rxc8 Qxc8 22. Rc1 Qb8 23. Nc3 Rc8 24. Nxe4 Bxe4 25. Rxc8+ Qxc8 26. Bd3 Nf6 27. Ne5 Bd6 28. f3 Bxe5 29. dxe5 Bxd3 30. exf6 Bg6 31. fxg7 Kxg7 32. Qd2 Qc2 33. Qxc2 Bxc2 34. Bc3+ Kg6 35. Kf2 Bb1 36. a3 Ba2 37. b4 Kf5 38. Kg3 Bc4 39. h4 h5 40. Kf2 Kg6 41. Kg3 Bd3 42. Kf4 Bf1 43. g3 Bg2 1/2-1/2

[Event "Brasilia Terra Viva op"]
[Site "Brasilia"]
[Date "2014.09.19"]
[Round "1"]
[White "Barbosa, Edinardo Meireles"]
[Black "Carneiro, Vitor Roberto Castr"]
[Result "0-1"]
[WhiteElo "1705"]
[BlackElo "2259"]
[PlyCount "38"]
[EventDate "2014.09.19"]
[EventType "swiss"]
[EventRounds "6"]
[EventCountry "BRA"]
[SourceTitle "CBM 162 Extra"]
[Source "ChessBase"]
[SourceDate "2014.10.17"]
[SourceVersion "1"]
[SourceVersionDate "2014.10.17"]
[SourceQuality "1"]

1. d4 Nf6 2. c4 g6 3. Nc3 Bg7 4. Nf3 0-0 5. e4 d6 6. Be2 e5 7. 0-0 Nc6 8. h3 exd4 9. Nxd4 Re8 10. Nxc6 bxc6 11. Bg5 h6 12. Bxf6 Qxf6 13. Qc2 Qg5 14. Kh1 Be5 15. g3 Bxh3 16. Rg1 Bg4 17. Rg2 Bxc3 18. Bxg4 Qxg4 19. Qxc3 Qxe4 0-1

[Event "Brasilia Regional Centro Oeste"]
[Site "Brasilia"]
[Date "2014.05.10"]
[Round "2.9"]
[White "Barbosa, Edinardo Meireles"]
[Black "Cavalcante, Rodrigo Moreira"]
[Result "0-1"]
[WhiteElo "1713"]
[BlackElo "1974"]
[PlyCount "62"]
[EventDate "2014.05.09"]
[EventType "swiss"]
[EventRounds "5"]
[EventCountry "BRA"]
[SourceTitle "EXT 2022"]
[Source "ChessBase"]
[SourceDate "2021.10.06"]
[SourceVersion "1"]
[SourceVersionDate "2021.10.06"]
[SourceQuality "1"]

1. d4 d5 2. c4 Nf6 3. Nc3 e6 4. Bg5 Be7 5. Nf3 Ne4 6. Nxe4 dxe4 7. Bxe7 Qxe7 8. Nd2 f5 9. e3 0-0 10. c5 e5 11. Be2 exd4 12. exd4 Be6 13. 0-0 c6 14. Re1 Nd7 15. Rc1 Nf6 16. Nc4 Rad8 17. Nd6 Ne8 18. Nxe8 Rfxe8 19. Bc4 Qf6 20. Bxe6+ Rxe6 21. Qb3 Qf7 22. Red1 Rd5 23. Rd2 f4 24. Rcd1 f3 25. Re1 Qg6 26. g3 Qf5 27. Qc4 Rh6 28. Qf1 Qh5 29. h4 Qg4 30. Kh2 Rdh5 31. Qh3 Rxh4 0-1

[Event "Brasilia Oeste op"]
[Site "Brasilia"]
[Date "2012.10.11"]
[Round "1"]
[White "Nery Junior, Jose Antonio"]
[Black "Barbosa, Edinardo Meireles"]
[Result "1-0"]
[WhiteElo "1859"]
[BlackElo "1722"]
[PlyCount "55"]
[EventDate "2012.10.11"]
[EventType "swiss"]
[EventRounds "7"]
[EventCountry "BRA"]
[SourceTitle "EXT 2013"]
[Source "ChessBase"]
[SourceDate "2012.11.22"]
[SourceVersion "1"]
[SourceVersionDate "2012.11.22"]
[SourceQuality "1"]

1. e4 c5 2. Nf3 e6 3. d4 cxd4 4. Nxd4 a6 5. Bd3 Nf6 6. 0-0 Qc7 7. c4 Nc6 8. Nxc6 bxc6 9. Be3 Bb7 10. f4 d6 11. Nc3 Be7 12. Rf3 Ng4 13. Kh1 Nxe3 14. Rxe3 d5 15. exd5 cxd5 16. cxd5 Qxf4 17. Re4 Qd6 18. Qa4+ Kf8 19. Rf4 e5 20. Rf2 f6 21. Re1 Bxd5 22. Nxd5 Qxd5 23. Be4 Qd8 24. Bxa8 Qxa8 25. Rxe5 Kf7 26. Qc4+ Kf8 27. Qe6 Ke8 28. Qxe7# 1-0

[Event "BRA-ch sf3"]
[Site "Brasilia"]
[Date "2012.07.28"]
[Round "5"]
[White "Maciel, Diogo Alves"]
[Black "Barbosa, Edinardo Meireles"]
[Result "1/2-1/2"]
[WhiteElo "1578"]
[BlackElo "1732"]
[PlyCount "29"]
[EventDate "2012.07.21"]
[EventType "swiss"]
[EventRounds "6"]
[EventCountry "BRA"]
[SourceTitle "EXT 2014"]
[Source "ChessBase"]
[SourceDate "2013.11.20"]
[SourceVersion "1"]
[SourceVersionDate "2013.11.20"]
[SourceQuality "1"]

1. e4 e5 2. Nf3 Nc6 3. Bb5 a6 4. Ba4 Nf6 5. 0-0 Be7 6. Re1 b5 7. Bb3 0-0 8. h3 d5 9. exd5 Nxd5 10. Nxe5 Nxe5 11. Rxe5 c6 12. c3 Bd6 13. Re1 Qh4 14. Qf3 Nf4 15. Re4 1/2-1/2

[Event "BRA-ch Amador"]
[Site "Brasilia"]
[Date "2012.03.31"]
[Round "5"]
[White "Rodrigues, Joao Batista"]
[Black "Barbosa, Edinardo Meireles"]
[Result "0-1"]
[WhiteElo "1774"]
[BlackElo "1745"]
[PlyCount "128"]
[EventDate "2012.03.24"]
[EventType "swiss"]
[EventRounds "7"]
[EventCountry "BRA"]
[SourceTitle "EXT 2014"]
[Source "ChessBase"]
[SourceDate "2013.11.20"]
[SourceVersion "1"]
[SourceVersionDate "2013.11.20"]
[SourceQuality "1"]

1. e4 e6 2. d4 d5 3. Nd2 c5 4. c3 Nc6 5. Ngf3 Qb6 6. exd5 exd5 7. Nb3 Nf6 8. dxc5 Bxc5 9. Nxc5 Qxc5 10. Bd3 0-0 11. 0-0 Bg4 12. Be3 Qd6 13. Be2 Rfe8 14. Re1 Rad8 15. h3 Bxh3 16. gxh3 Rxe3 17. fxe3 Qg3+ 18. Kh1 Ne4 19. Rf1 Qxh3+ 20. Nh2 Ng3+ 21. Kg1 Nxf1 22. Qxf1 Qxe3+ 23. Qf2 Qg5+ 24. Qg2 Qe3+ 25. Kf1 Rd6 26. Rd1 Rg6 27. Ng4 Qf4+ 28. Qf3 Rxg4 29. Rxd5 Qc1+ 30. Rd1 Qf4 31. b4 g6 32. b5 Ne5 33. Qxf4 Rxf4+ 34. Kg2 Ra4 35. Rd2 Kg7 36. Rd5 f6 37. Rd2 h5 38. Bd1 Rc4 39. Rc2 Kh6 40. Be2 Rc5 41. c4 a6 42. a4 axb5 43. axb5 Nf7 44. Rd2 Ne5 45. Rc2 Kg5 46. Rc3 Kf4 47. Kf2 h4 48. Bf1 g5 49. Bg2 b6 50. Bd5 g4 51. Kg2 h3+ 52. Kh2 f5 53. Rc2 Nf3+ 54. Bxf3 Kxf3 55. Rc3+ Ke4 56. Kg3 Kd4 57. Rc1 Rxc4 58. Rd1+ Kc5 59. Rf1 Rc3+ 60. Kh2 Rf3 61. Rb1 f4 62. Rg1 Rf2+ 63. Kh1 g3 64. Rxg3 fxg3 0-1